000 00810nam a2200253Ia 4500
003 OSt
005 20220918172017.0
006 a|||||r|||| 00| 0
007 ta
008 220917b |||||||| |||| 00| 0 eng d
020 _a9789004211520 (pbk)
_c3387.86
024 _a264,554
037 _b35536, 14/08/2012, Segment Book Distributors
_cTextual
040 _aARTS
_cARTS
_beng
041 _2eng
_aeng
082 _aQ7:25, P7
100 _aBrown Johnathan
_939765
245 0 _aCanonization of al Bukhari and Muslim
_b Formation and function of the sunni hadith canon
260 _aLeiden
_bBrill
_c2011
300 _axxii,431p.
_ccm.
650 _aRELIGION
942 _hQ7:25, P7
_cTEXL
_2CC
999 _c142215
_d142215